00873cam a22002413a 45000010005000000030006000050050017000110080041000280400015000690420007000840500007000911000029000982450166001272600029002935060030003225160020003526530034003726530063004066530049004696530044005188300028005628560041005903894PGUSA20140828083040.0041204s2004||||xxu|||||s|||||000 | eng d aPGUSAbeng adc 4aDC1 aGoldsmith, Lewis,d-184610aMemoirs of the Court of St. Cloud (Being secret letters from a gentleman at Paris to a nobleman in London) — Volume 3h[electronic resource] /cLewis Goldsmith bProject Gutenberg,c2004 aPublic domain in the USA. aElectronic text aFrance -- Court and courtiers aFrance -- History -- Consulate and First Empire, 1799-1815 aNapoleon I, Emperor of the French, 1769-1821 aFrance -- Kings and rulers -- Biography 0aProject Gutenbergv389440uhttp://www.gutenberg.org/ebooks/3894